Prípravné etapy tvorby finančného plánu v podniku

Plánovanie v podniku a jeho postavenie v riadení ako neoddeliteľnej súčasti rozhodovania, vedenia a kontroly. Finančné plánovanie a tvorba finančného plánu, ktorý možno považovať za základ finančného riadenia podniku. Štruktúra, obsah, princípy a postupy podnikového plánovania.

Salvato in:
Dettagli Bibliografici
Autore principale: Hyránek, Eduard, 1955-
Altri autori: Grell, Michal
Natura: Capitolo di libro
Lingua:slovacco
Soggetti:
Tags: Aggiungi Tag
Nessun Tag, puoi essere il primo ad aggiungerne!!

MARC

LEADER 00000naa$a2200000$$$4500
001 0224381
005 20240502073656.6
041 0 |a slo 
044 |a SK 
245 1 0 |a Prípravné etapy tvorby finančného plánu v podniku  |c Eduard Hyránek, Michal Grell 
520 |a Plánovanie v podniku a jeho postavenie v riadení ako neoddeliteľnej súčasti rozhodovania, vedenia a kontroly. Finančné plánovanie a tvorba finančného plánu, ktorý možno považovať za základ finančného riadenia podniku. Štruktúra, obsah, princípy a postupy podnikového plánovania. 
610 2 0 |a plánovanie finančné 
610 2 0 |a plán finančný 
610 2 0 |a plán podnikový 
610 2 0 |a financie podnikové 
610 2 0 |a tvorba plánu 
610 2 0 |a plánovanie strategické 
610 2 0 |a ciele finančné 
100 1 |a Hyránek, Eduard, 1955- 
700 1 |a Grell, Michal